| 000 | 01261cam a22003857a 4500 | ||
|---|---|---|---|
| 001 | 000087363 | ||
| 003 | CHAP | ||
| 005 | 20220329142449.0 | ||
| 008 | 010327d1995 mx r 00110 spa d | ||
| 010 | _a83836 | ||
| 011 | _a84808 | ||
| 020 | _a8429151532 | ||
| 035 | _a95334 | ||
| 040 | _cCHAP | ||
| 082 | 0 | 4 |
_a517 _bS3Y 1995 |
| 100 | 0 | 0 |
_aSalas, Saturnino L. _9101345 |
| 245 | 1 | 0 |
_aCalculus / _c/por S.L. Salas y Einar Hille. |
| 260 |
_aMéxico, D. F. : _bReverté, _c1995. |
||
| 300 | _a2 v. | ||
| 500 | _aTrad. de : Calculus. One and several variables 6ed. | ||
| 590 |
_aBATCH-UPD _b10 _c20130110 _lUCH01 _h1539 |
||
| 590 |
_aBATCH-UPD _b10 _c20130410 _lUCH01 _h0942 |
||
| 590 |
_aBATCH-UPD _b10 _c20130914 _lUCH01 _h0951 |
||
| 590 |
_aCONVERSION _b10 _c20130109 _lUCH01 _h1347 |
||
| 590 |
_aE11695DGD _b10 _c20150130 _lUCH01 _h1510 |
||
| 650 | 1 | 4 |
_aCálculo. _923990 |
| 650 | 1 | 4 |
_aGeometría analítica. _947654 |
| 700 | 0 |
_aHille, Einar. _955448 |
|
| 901 | _aBK | ||
| 905 | _aLilia Sánchez G. | ||
| 942 | _cLIBRO | ||
| 942 | _n0 | ||
| 949 |
_a517 S3Y 1995 _bBC _cLIBRO _d33724000820262 _eLIBRO _fv.2 _gI.210862 _h100016 _i95334 _so _t$378.00 |
||
| 949 |
_a517 S3Y 1995 _bBC _cLIBRO _d33724002329553 _eLIBRO _fv.1 _gI.210862 _h100015 _i95334 _mreposiciØn _so _t$378.00 |
||
| 999 |
_c83836 _d83836 |
||